012910000a220012100045001000036000002450123000362600025001593000012001845000055001965020073002515200840003240010005011641 aPeriñán Lambis, Henry de J.10aGramática introductoria para el primer semestre de griego del Nuevo Testamento / Henry de Jesús Periñán Lambis aMedellín, Colombia a101 Pag aTesis (Maestría) Seminario Bíblico de Colombia apresidente del jurado:Elizabeth de Sendek; Jurado: Fernando Mosquera a- El mapa general: Gramatica - De alfa a omega: sonidos y letras del griego - Signos y divisiones: puntuación y silabación - íCamara, acción ! Introducción al verbo griego - Acción ala marcha: verbo: presente, activo, indicativo - Cambios en segunda: sustantivos y articulos de la segunda declinación - Cambio en primera: Sustantivos y artículos de la primera declinación - ¿Y como es èl? Adjetivos de la primera y segunda declinación - ¿Quien habla? pronombres personales - Relaciones, relaciones: las preposiciones -¿Ser o no ser? Verbo eimi, presente indicativo - El paciente y el agente: Verbo: Voces medias medias y pasiva presente indicativo - El pasado en acción .Verbo: Inperfecto, indicativo - Lo que ha de venir Verbo: Futuro activo y medio, indicativo - El juego de las voces contractos5549